000 00857nam a22002897a 4500
001 BR9508659
003 BR-BrBNA
005 20230928094739.0
007 ta
008 230509b bl.||||| |||| 00| 0 por d
040 _aBR-BrBNA
_bpor
_cBiblioteca Nacional de Agricultura
041 _a(Por)
072 _aE13
090 _ E13 BR9508659
100 1 _aCarvalho, M.A. de
110 1 _aUniversidade de Sao Paulo, Sao Paulo Brasil). Faculdade de Economia e Administracao
_0Tese (Mestre em Economia)
245 1 _aCapacidade de autofinanciamento da agricultura paulista
260 3 _aSao Paulo, SP (Brasil):
_c1985.
300 _a129 p.
500 _a28 ref.; 26 tables
650 _aPolitica Agricola
650 _aCredito Rural
650 _aCusto Operacional
650 _aSao Paulo
909 _a202309
_bLucia
_c55
_dLucia Elande
942 _cBK
999 _c52416
_d52416